Gues The IPL Team By Retained Player (Short Form) - Statistics

General Stats
  • This quiz has been taken 36 times
    34 since last reset
  • The average score is 10 of 10
Answer Stats
Hint Answer % Correct
Travis Head SRH
100%
Ruturaj Gaikwad CSK
97%
Axar Patel DC
97%
Rashid Khan GT
97%
Nicholas Pooran LSG
97%
Tilak Verma MI
97%
Yash Dayal RCB
97%
Rinku Singh KKR
93%
Dhruv Jurel RR
93%
Shashank Singh PBKS
90%
No matching quizzes found
Score Distribution
Percent of People with Each Score
Percentile by Number Answered
Your Score History
You have not taken this quiz since the last reset